| 000 | 00867cab a22001935a 4500 | ||
|---|---|---|---|
| 001 | L155157 | ||
| 008 | 120307e20120303xxk 000 0 eng d | ||
| 035 | _a(Sirsi) u155157 | ||
| 041 | 0 | _aeng | |
| 110 | 2 |
_aLloyds TSB _94126 |
|
| 245 | 0 | 0 |
_aSpa town house prices have grown by over £1,000 a month since 2001 _h[electronic resource} |
| 490 |
_aLloyds TSB Press Release _v3 March 2012 |
||
| 520 | _aThe Lloyds TSB Spa Towns Review tracks house price movements in 18 Spa towns across England and Wales based on Land Registry data. Average house prices in Spa towns have increased by £130 000 between 2001 and 2011. | ||
| 590 | _aKA | ||
| 651 | 4 | _aEngland and Wales | |
| 690 |
_aResidential property _96266 |
||
| 856 | 4 | 0 |
_uhttps://www.lloydsbankinggroup.com/media/pdfs/LTSB/2012/0303_spa.pdf _zView this item free of charge at www.lloydsbankinggroup.com |
| 942 | _n0 | ||
| 999 |
_c83827 _d83827 |
||